|
|
|
|
| LEADER |
00000nab a2200000 a 4500 |
| 001 |
vtls000528209 |
| 003 |
SK-MaSNL |
| 005 |
20260304085615.0 |
| 008 |
250425c1993 xo 0 slo |
| 015 |
|
|
|a SNBRB19rr/mm-uuuuu
|
| 035 |
|
|
|a CL0528347
|
| 035 |
|
|
|a urn:nbn:sk:snk-abaljp
|
| 035 |
|
|
|a (urnnbn)urn:nbn:sk:snk:ar-007vva
|
| 035 |
|
|
|a (uuid)be736f81-0c61-430a-8b52-b4f86720877e
|
| 040 |
|
|
|a SNKBUCL
|b slo
|c SNKBUCL
|e AACR2
|
| 041 |
0 |
|
|a cze
|
| 044 |
|
|
|a xo
|c SK
|
| 080 |
|
|
|a 616.23/.24-053.2:616-091
|2 1981
|
| 080 |
|
|
|a 616-091
|2 1981
|
| 100 |
1 |
|
|a Habanec, B.
|4 aut
|9 1134433
|
| 245 |
1 |
0 |
|a Bronchopulmonální dysplazie
|c B. Habanec, H. Zavadilová
|
| 300 |
|
|
|b Obr. 14, res. angl., čes., lit. 10 zázn. v angl.
|
| 650 |
0 |
7 |
|a dysplázia bronchopulmonálna
|2 snkbucl
|9 1379287
|
| 650 |
0 |
7 |
|a novorodenci
|2 snkbucl
|9 1225
|
| 655 |
|
7 |
|a články z novín a časopisov
|2 snkbucl
|9 267496
|
| 700 |
1 |
|
|a Zavadilová, H.
|4 aut
|9 1146751
|
| 773 |
0 |
|
|t Česko-slovenská patologie s přílohou Soudní lékařství
|g Roč. 29, č. 2 (1993), s. 45-51
|x 0009-0611
|
| 850 |
|
|
|a Slovenská národná knižnica
|
| 852 |
|
|
|a Slovenská národná knižnica
|
| 954 |
|
|
|a odborná, vedecká literatúra cudzojazyčná (svetová)
|2 lita
|
| 958 |
|
|
|a article14
|
| 958 |
|
|
|a OND
|
| 958 |
|
|
|a NB
|
| 958 |
|
|
|a RK
|
| 958 |
|
|
|a MI
|
| 958 |
|
|
|a NX
|
| 958 |
|
|
|a EUIPO
|
| 992 |
|
|
|a RBX
|
| 999 |
|
|
|c 2808713
|d 2810643
|